[Event "Memorijal Danilo - Dajo Batricevic"]
[Site "Cetinje"]
[Date "2009.08.13"]
[Round "5.18"]
[White "Jefic, Srdjan"]
[Black "Vulevic, Vjekoslav"]
[Result "1/2-1/2"]
[WhiteElo "2108"]
[BlackElo "2315"]
[PlyCount "118"]
[EventDate "2009.08.09"]
[EventRounds "9"]

1. e4 g6 2. Nc3 Bg7 3. f4 d6 4. Nf3 e5 5. d3 Nc6 6. Be2 Nf6 7. O-O O-O 8. h3
Nh5 9. fxe5 dxe5 10. Rf2 h6 11. Be3 Nd4 12. Qd2 Nxe2+ 13. Nxe2 g5 14. Raf1 Be6
15. Kh2 Qd6 16. g3 a5 17. Nfg1 f6 18. Nc3 c6 19. Qe2 Bf7 20. Qg4 b5 21. Bc1 a4
22. Nd1 Qe6 23. a3 Rfe8 24. Ne3 Rad8 25. Ne2 Bf8 26. Nf5 Bg6 27. h4 Rd7 28.
hxg5 hxg5 29. Rh1 Rh7 30. Kg2 Bxf5 31. Rxf5 Ng7 32. Rxh7 Kxh7 33. Qh3+ Kg8 34.
Rf1 Qxh3+ 35. Kxh3 Be7 36. Kg4 Kh7 37. Rh1+ Kg6 38. Nc3 Bc5 39. Kf3 Ne6 40. Be3
Bxe3 41. Kxe3 Nd4 42. Rh2 g4 43. Nd1 c5 44. c3 Nf3 45. Rh1 c4 46. Nf2 f5 47.
exf5+ Kxf5 48. Rh5+ Kg6 49. Rh1 cxd3 50. Nxd3 Rf8 51. Nf2 Ng5 52. Nxg4 Rf3+ 53.
Ke2 Rxg3 54. Nxe5+ Kf5 55. Nd3 Rg2+ 56. Ke3 Rg3+ 57. Ke2 Rg2+ 58. Ke3 Rg3+ 59.
Ke2 Rg2+ 1/2-1/2

[Event "Memorijal Danilo - Dajo Batricevic"]
[Site "Cetinje"]
[Date "2009.08.13"]
[Round "5.19"]
[White "Padurariu, Ioana-Smaranda"]
[Black "Fugulyan, Grigore"]
[Result "1-0"]
[WhiteElo "2238"]
[BlackElo "2022"]
[PlyCount "61"]
[EventDate "2009.08.09"]
[EventRounds "9"]

1. e4 e5 2. Nf3 Nc6 3. Bb5 a6 4. Ba4 Nf6 5. O-O b5 6. Bb3 Be7 7. Re1 d6 8. a4
Bg4 9. c3 O-O 10. d3 Qd7 11. h3 Bh5 12. Nbd2 b4 13. a5 bxc3 14. bxc3 d5 15.
exd5 Nxd5 16. Ne4 Rfd8 17. Bc4 Qf5 18. g4 Bxg4 19. hxg4 Qxg4+ 20. Kh1 Kh8 21.
Nh2 Qd7 22. Bd2 f5 23. Ng3 Nf6 24. Qf3 g6 25. Nhf1 e4 26. dxe4 Ne5 27. Qe2 Nfg4
28. Kg2 Bc5 29. f3 f4 30. Bxf4 Nf2 31. Bxe5+ 1-0

[Event "Memorijal Danilo - Dajo Batricevic"]
[Site "Cetinje"]
[Date "2009.08.13"]
[Round "5.20"]
[White "Pobor, Nebojsa"]
[Black "Vucinic, Pero"]
[Result "0-1"]
[WhiteElo "2069"]
[BlackElo "2226"]
[PlyCount "66"]
[EventDate "2009.08.09"]
[EventRounds "9"]

1. d4 d5 2. c4 e6 3. Nf3 Nf6 4. Nc3 Be7 5. e3 O-O 6. Bd3 b6 7. O-O Bb7 8. Qe2
c5 9. Rd1 Qc8 10. b3 Ne4 11. Bb2 f5 12. Ne5 Nxc3 13. Bxc3 Nc6 14. Nxc6 Bxc6 15.
f3 Qd7 16. Kh1 Bf6 17. Qc2 cxd4 18. Bxd4 Bxd4 19. exd4 dxc4 20. bxc4 Ba4 21.
Qe2 Bxd1 22. Rxd1 Rad8 23. d5 Rfe8 24. Qc2 Kh8 25. g4 fxg4 26. Bxh7 Qf7 27. Rf1
Rf8 28. Be4 exd5 29. cxd5 Qf4 30. Qf2 Rd6 31. Qg2 Rh6 32. Kg1 Rhf6 33. Kh1 Qxe4
0-1

[Event "Memorijal Danilo - Dajo Batricevic"]
[Site "Cetinje"]
[Date "2009.08.13"]
[Round "5.21"]
[White "Bukvic, Mihailo"]
[Black "Vukcevic, Nemanja"]
[Result "1/2-1/2"]
[WhiteElo "2223"]
[BlackElo "1996"]
[PlyCount "78"]
[EventDate "2009.08.09"]
[EventRounds "9"]

1. e4 c5 2. Nf3 d6 3. d4 cxd4 4. Nxd4 Nf6 5. Nc3 a6 6. Bc4 e6 7. Bb3 b5 8. Qe2
Be7 9. g4 O-O 10. g5 Nfd7 11. Rg1 Nc5 12. Rg3 b4 13. Nd1 Bb7 14. f3 Nc6 15.
Nxc6 Bxc6 16. Be3 d5 17. Nf2 dxe4 18. Bxc5 Bxc5 19. Nxe4 Bxe4 20. Qxe4 Qd4 21.
Qxd4 Bxd4 22. O-O-O Rfd8 23. Rd3 Be5 24. Rg4 Rxd3 25. cxd3 a5 26. h4 Rd8 27.
Kc2 Rd4 28. Re4 Rxe4 29. dxe4 Bg3 30. h5 g6 31. hxg6 hxg6 32. Bc4 Bf4 33. Kd3
Bxg5 34. e5 Kf8 35. a4 bxa3 36. bxa3 Ke7 37. a4 Kd7 38. Bb5+ Ke7 39. Ke4 f5+
1/2-1/2

[Event "Memorijal Danilo - Dajo Batricevic"]
[Site "Cetinje"]
[Date "2009.08.13"]
[Round "5.22"]
[White "Mrvaljevic, Veselin"]
[Black "Kadric, Denis"]
[Result "0-1"]
[WhiteElo "2031"]
[BlackElo "2156"]
[PlyCount "90"]
[EventDate "2009.08.09"]
[EventRounds "9"]

1. e4 c5 2. Nf3 d6 3. d4 cxd4 4. Nxd4 Nf6 5. Nc3 a6 6. Bg5 e6 7. Qd2 h6 8. Bxf6
Qxf6 9. O-O-O Be7 10. f4 Nc6 11. Nde2 Bd7 12. g4 O-O-O 13. Bg2 g5 14. f5 Qe5
15. Kb1 b5 16. a3 Qc5 17. Rhf1 Ne5 18. f6 Bf8 19. Rc1 Nc4 20. Qe1 Bc6 21. Nd1
h5 22. h3 hxg4 23. hxg4 Rh4 24. Bf3 d5 25. e5 Nxe5 26. Qd2 Rh3 27. Nd4 Nxf3 28.
Nxf3 d4 29. Ng1 Rg3 30. Nf2 Rg2 31. Qa5 Qa7 32. c4 b4 33. axb4 d3 34. b5 d2 35.
Rcd1 Rxf2 36. Rfe1 Bb7 37. Re5 Ba8 38. b6 Qb7 39. Rc5+ Kb8 40. Rc7 Qe4+ 41. Ka2
Bb7 42. Nh3 Rh2 43. Nxg5 Qc2 44. Nxf7 Rd3 45. Rxd2 Qb3+ 0-1

[Event "Memorijal Danilo - Dajo Batricevic"]
[Site "Cetinje"]
[Date "2009.08.13"]
[Round "5.23"]
[White "Stamatovic, Vladimir"]
[Black "Batricevic, Sasa"]
[Result "0-1"]
[WhiteElo "1908"]
[BlackElo "2287"]
[PlyCount "72"]
[EventDate "2009.08.09"]
[EventRounds "9"]

1. e4 c6 2. d4 d5 3. Nc3 g6 4. Nf3 Bg7 5. Be2 Nh6 6. e5 f6 7. Bf4 Nf7 8. h3 O-O
9. Qd2 b5 10. O-O-O a5 11. Rde1 a4 12. g4 b4 13. Nb1 b3 14. a3 bxc2 15. Nc3 Bb7
16. g5 fxe5 17. dxe5 c5 18. Bd3 c4 19. Bxc2 d4 20. Ne4 d3 21. Bd1 Qb6 22. Nc3
Nd8 23. h4 Ne6 24. Be3 Qd8 25. Rh3 Nc6 26. h5 Na5 27. hxg6 Bxf3 28. Kb1 Bxd1
29. Qxd1 hxg6 30. Qg4 Rf5 31. Qh4 Rb8 32. f4 d2 33. Rd1 Qd3+ 34. Ka2 Qc2 35.
Rb1 Rb3 36. Nd5 Rxa3+ 0-1

[Event "Memorijal Danilo - Dajo Batricevic"]
[Site "Cetinje"]
[Date "2009.08.13"]
[Round "5.24"]
[White "Potpara, Nikola"]
[Black "Batricevic, Jovo"]
[Result "1/2-1/2"]
[WhiteElo "1838"]
[BlackElo "2184"]
[PlyCount "79"]
[EventDate "2009.08.09"]
[EventRounds "9"]

1. d4 Nf6 2. c4 e5 3. dxe5 Ne4 4. Qd5 Bb4+ 5. Nd2 Nxd2 6. Bxd2 Bxd2+ 7. Qxd2
Nc6 8. Nf3 Qe7 9. g3 Nxe5 10. Nxe5 Qxe5 11. Bg2 O-O 12. O-O d6 13. Rac1 Bg4 14.
e3 Rfe8 15. b4 Rab8 16. Rfe1 Qh5 17. Qd4 Bf3 18. e4 Bxg2 19. Kxg2 a5 20. a3 Re6
21. Qd5 Re5 22. Qd4 axb4 23. axb4 Rbe8 24. c5 d5 25. Rcd1 h6 26. Rd3 dxe4 27.
Rde3 c6 28. Rxe4 Rxe4 29. Rxe4 f6 30. Qe3 Rxe4 31. Qxe4 Kf7 32. Qd4 Qf5 33. h3
Qe6 34. Kh2 Ke7 35. Kg2 Qd7 36. Qxd7+ Kxd7 37. Kf3 Ke6 38. Ke4 f5+ 39. Kd4 g5
40. f4 1/2-1/2

[Event "Memorijal Danilo - Dajo Batricevic"]
[Site "Cetinje"]
[Date "2009.08.13"]
[Round "5.26"]
[White "Jovancevic, Jovan"]
[Black "Jokic, Miodrag"]
[Result "1/2-1/2"]
[WhiteElo "1887"]
[BlackElo "2138"]
[PlyCount "32"]
[EventDate "2009.08.09"]
[EventRounds "9"]

1. d4 d5 2. c4 e6 3. Nc3 Nf6 4. Bg5 Be7 5. cxd5 exd5 6. e3 c6 7. Bd3 Ne4 8. Bf4
Nxc3 9. bxc3 Nd7 10. Nf3 O-O 11. O-O Re8 12. c4 Nf8 13. Qb3 Bd6 14. Bg5 Be7 15.
Bf4 Bd6 16. Bg5 Be7 1/2-1/2

[Event "Memorijal Danilo - Dajo Batricevic"]
[Site "Cetinje"]
[Date "2009.08.13"]
[Round "5.27"]
[White "Pecurica, Milos"]
[Black "Markovic, Danko"]
[Result "1-0"]
[WhiteElo "2010"]
[BlackElo "1946"]
[PlyCount "125"]
[EventDate "2009.08.09"]
[EventRounds "9"]

1. d4 Nf6 2. c4 e6 3. Nc3 Bb4 4. Nf3 h6 5. Qc2 O-O 6. e4 d5 7. e5 Ne4 8. Bd3 f5
9. exf6 Nxf6 10. O-O dxc4 11. Bxc4 Nd5 12. Nxd5 exd5 13. Qb3 Be6 14. Be2 Bd6
15. Qxb7 Nd7 16. Qc6 Rf6 17. Qc3 Qe7 18. Ne5 Raf8 19. Be3 Nb8 20. a3 Rc8 21. b4
Bf5 22. f4 Be4 23. Bf3 Bxe5 24. Bxe4 dxe4 25. fxe5 Rxf1+ 26. Rxf1 Qe6 27. Rf4
Nd7 28. Qc2 Nb6 29. Qxe4 Nd5 30. Rf3 Rd8 31. Rg3 Ne7 32. h3 c6 33. Bf2 Rf8 34.
Qc2 Rd8 35. Rc3 Rc8 36. Rc5 h5 37. Qc4 Kf7 38. Qxe6+ Kxe6 39. Kf1 Kf5 40. Ke2
g6 41. Bh4 g5 42. Bf2 Rd8 43. g3 Rd7 44. Kf3 g4+ 45. hxg4+ hxg4+ 46. Ke3 Rd8
47. b5 cxb5 48. Rxb5 Nd5+ 49. Kd3 Nb6 50. Be1 Rc8 51. Rc5 Rb8 52. Bb4 Rh8 53.
Rc7 Rh3 54. Be1 Rh1 55. Rf7+ Ke6 56. Rf6+ Kd7 57. Bd2 Rg1 58. Bf4 Ke7 59. Rh6
Rb1 60. Ke4 Rd1 61. Rh7+ Ke6 62. Rh6+ Kf7 63. Rc6 1-0

[Event "Memorijal Danilo - Dajo Batricevic"]
[Site "Cetinje"]
[Date "2009.08.13"]
[Round "5.28"]
[White "Rasovic, Uros"]
[Black "Ljubisa, Mitar"]
[Result "1-0"]
[WhiteElo "1939"]
[BlackElo "1964"]
[PlyCount "53"]
[EventDate "2009.08.09"]
[EventRounds "9"]

1. e4 c5 2. b3 Nf6 3. e5 Nd5 4. Bb2 Nc6 5. g3 d6 6. exd6 Qxd6 7. Bg2 Bf5 8. Na3
Ndb4 9. d3 e5 10. Nc4 Qc7 11. a3 Nxd3+ 12. cxd3 O-O-O 13. Bh3 Qd7 14. Bxf5 Qxf5
15. Qf3 Qg6 16. O-O-O Be7 17. Nxe5 Nxe5 18. Bxe5 Qe6 19. Bb2 Qxb3 20. Qg4+ Rd7
21. Qc4 Qb6 22. Ne2 Bf6 23. Bxf6 Qxf6 24. f4 Re8 25. Nc3 b5 26. Qxc5+ Rc7 27.
Qxc7+ 1-0

[Event "Memorijal Danilo - Dajo Batricevic"]
[Site "Cetinje"]
[Date "2009.08.13"]
[Round "5.29"]
[White "Djukanovic, Mitar"]
[Black "Batricevic, Bozo"]
[Result "0-1"]
[WhiteElo "1657"]
[BlackElo "1772"]
[PlyCount "78"]
[EventDate "2009.08.09"]
[EventRounds "9"]

1. d4 c5 2. d5 e5 3. e4 d6 4. h3 f5 5. Nc3 Nf6 6. Bg5 h6 7. Bxf6 Qxf6 8. Bb5+
Bd7 9. Bxd7+ Nxd7 10. Qe2 a6 11. a4 Be7 12. f3 f4 13. O-O-O O-O 14. Qf2 Qg6 15.
Nge2 Rfb8 16. g4 b5 17. axb5 axb5 18. b3 b4 19. Na4 Qe8 20. Rdg1 Qc8 21. h4 c4
22. Kd2 cxb3 23. cxb3 Nc5 24. Rb1 Nxa4 25. bxa4 Rxa4 26. Rb2 Qa6 27. Rc1 Ra2
28. Rxa2 Qxa2+ 29. Rc2 Qa5 30. Kd1 b3 31. Rb2 Bd8 32. Nc1 Qa4 33. h5 Bb6 34.
Qd2 Be3 35. Qc3 Bd4 36. Qc7 Bxb2 37. Qxb8+ Kh7 38. Qxb3 Qd4+ 39. Qd3 Qg1+ 0-1

[Event "Memorijal Danilo - Dajo Batricevic"]
[Site "Cetinje"]
[Date "2009.08.13"]
[Round "5.33"]
[White "Draskovic, Davor"]
[Black "Dedic, Slavko"]
[Result "0-1"]
[WhiteElo "1702"]
[BlackElo "1989"]
[PlyCount "76"]
[EventDate "2009.08.09"]
[EventRounds "9"]

1. e4 d6 2. d4 Nf6 3. Nc3 g6 4. Nf3 Bg7 5. Bc4 O-O 6. Qe2 Bg4 7. h3 Bxf3 8.
Qxf3 Nc6 9. Be3 Nd7 10. O-O-O e5 11. d5 Ne7 12. Qe2 f5 13. f3 f4 14. Bf2 Nf6
15. Rd3 Nh5 16. Rhd1 Bf6 17. Qd2 Nc8 18. Ne2 Bh4 19. Bg1 Qg5 20. g4 fxg3 21.
Be3 Qe7 22. f4 Nf6 23. fxe5 Nxe4 24. exd6 Ncxd6 25. Qb4 Nf2 26. Bh6 Nxd3+ 27.
Bxd3 Bg5+ 28. Bxg5 Qxg5+ 29. Kb1 g2 30. Ng1 Rae8 31. c4 Rf4 32. Qd2 h6 33. c5
Ne4 34. Qe1 Rf1 35. Bxf1 gxf1=Q 36. Qxf1 Nd2+ 37. Rxd2 Qxd2 38. Nf3 Qxd5 0-1

[Event "Memorijal Danilo - Dajo Batricevic"]
[Site "Cetinje"]
[Date "2009.08.14"]
[Round "6.1"]
[White "Nikolov, Momchil"]
[Black "Cebalo, Miso"]
[Result "1/2-1/2"]
[WhiteElo "2517"]
[BlackElo "2476"]
[PlyCount "127"]
[EventDate "2009.08.09"]
[EventRounds "9"]

1. Nf3 c5 2. c4 g6 3. d4 cxd4 4. Nxd4 Bg7 5. e4 Nc6 6. Be3 Nf6 7. Nc3 d6 8. Be2
O-O 9. O-O Nd7 10. Rc1 Nc5 11. Qd2 Nxd4 12. Bxd4 Bxd4 13. Qxd4 e5 14. Qd2 a5
15. f4 exf4 16. Qxf4 Be6 17. Nb5 Qe7 18. Nxd6 Rad8 19. Rfd1 b6 20. Rc2 Bd7 21.
Rcd2 Bc6 22. Bf3 f6 23. b3 Qe5 24. Qxe5 fxe5 25. Nb5 Rxd2 26. Rxd2 Bxe4 27.
Bxe4 Nxe4 28. Re2 Nc5 29. Rxe5 Rd8 30. Nc3 Rd3 31. Ne4 Nxe4 32. Rxe4 a4 33.
bxa4 Ra3 34. Re6 Rxa2 35. Rxb6 Rxa4 36. Rc6 Kf7 37. Kf2 h5 38. h4 Ra3 39. Rd6
Rc3 40. Rc6 Kg7 41. c5 Kf7 42. g3 Kg7 43. Kg2 Kf7 44. Rc8 Kf6 45. c6 Kg7 46.
Kf2 Kh7 47. Ke2 Rxg3 48. Kd2 Rg4 49. Kd3 Rg1 50. Re8 Rc1 51. Re6 Kg7 52. Kd4
Kf7 53. Rd6 Ke7 54. Rxg6 Rh1 55. Kc5 Kd8 56. Rd6+ Kc7 57. Rd7+ Kc8 58. Rd4 Kc7
59. Kd5 Re1 60. Rf4 Rd1+ 61. Ke6 Rd6+ 62. Kf7 Kxc6 63. Rf5 Rd5 64. Rf6+ 1/2-1/2

[Event "Memorijal Danilo - Dajo Batricevic"]
[Site "Cetinje"]
[Date "2009.08.14"]
[Round "6.2"]
[White "Bojkov, Dejan"]
[Black "Blagojevic, Dragisa"]
[Result "1/2-1/2"]
[WhiteElo "2521"]
[BlackElo "2545"]
[PlyCount "67"]
[EventDate "2009.08.09"]
[EventRounds "9"]

1. e4 e5 2. Nf3 Nc6 3. Bc4 Nf6 4. d3 Be7 5. O-O O-O 6. Re1 d6 7. c3 Na5 8. Bb5
a6 9. Ba4 b5 10. Bc2 c5 11. Nbd2 Nd7 12. Nf1 Nb6 13. Ne3 Nc6 14. Nd5 Nxd5 15.
exd5 Na7 16. a4 Bb7 17. d4 exd4 18. Qd3 f5 19. cxd4 c4 20. Qe2 Rf7 21. axb5
axb5 22. Bxf5 Rxf5 23. Qxe7 Qxe7 24. Rxe7 Nc8 25. Rxa8 Bxa8 26. Re8+ Rf8 27.
Rxf8+ Kxf8 28. Ng5 Kg8 29. Ne6 Bxd5 30. Nc7 Bc6 31. d5 Bd7 32. Bd2 Nb6 33. Kf1
Kf7 34. Ke2 1/2-1/2

[Event "Memorijal Danilo - Dajo Batricevic"]
[Site "Cetinje"]
[Date "2009.08.14"]
[Round "6.3"]
[White "Kalezic, Blazo"]
[Black "Iotov, Valentin"]
[Result "0-1"]
[WhiteElo "2445"]
[BlackElo "2603"]
[PlyCount "126"]
[EventDate "2009.08.09"]
[EventRounds "9"]

1. e4 e6 2. d4 d5 3. e5 c5 4. c3 Qb6 5. Nf3 Nc6 6. a3 c4 7. Nbd2 Na5 8. g3 Bd7
9. h4 O-O-O 10. Bh3 h6 11. O-O Ne7 12. Re1 g6 13. Rb1 Nf5 14. g4 Ng7 15. Nf1
Bxa3 16. Bxh6 Rxh6 17. bxa3 Qc7 18. Qd2 Rdh8 19. Qg5 Ba4 20. Rb2 Nc6 21. Reb1
b6 22. N1d2 Ne8 23. Kg2 Qd7 24. Rh1 R6h7 25. Kg3 Rf8 26. Qe3 f6 27. exf6 Qd6+
28. Ne5 Nxf6 29. f4 Rg7 30. Bg2 Nd7 31. Ndf3 Qxa3 32. Rbb1 Ndxe5 33. fxe5 Bc2
34. Ra1 Qe7 35. Ne1 Bb3 36. Nf3 a5 37. Ng5 a4 38. Rhf1 Rxf1 39. Rxf1 Nd8 40.
Bh3 a3 41. Ra1 a2 42. Qc1 Qf8 43. Nf3 Rf7 44. Qe3 b5 45. g5 Kd7 46. Bg4 Nc6 47.
h5 gxh5 48. Bxh5 Rg7 49. Bg4 Qa3 50. Qf4 Qe7 51. Qf6 Nd8 52. g6 Rg8 53. Rh1 Bc2
54. Rh7 Qxh7 55. gxh7 Bxh7 56. Ng5 Rxg5 57. Qxg5 a1=Q 58. Qg7+ Kc8 59. Qxh7
Qxc3+ 60. Kh4 Qxd4 61. Qb1 Qc5 62. Qa2 Qb6 63. Qa8+ Kc7 0-1

[Event "Memorijal Danilo - Dajo Batricevic"]
[Site "Cetinje"]
[Date "2009.08.14"]
[Round "6.4"]
[White "Krivokapic, Marko"]
[Black "Kovacevic, Aleksandar"]
[Result "1/2-1/2"]
[WhiteElo "2416"]
[BlackElo "2575"]
[PlyCount "94"]
[EventDate "2009.08.09"]
[EventRounds "9"]

1. e4 c5 2. Nf3 Nc6 3. d4 cxd4 4. Nxd4 g6 5. c4 Nf6 6. Nc3 d6 7. Be2 Nxd4 8.
Qxd4 Bg7 9. Bg5 O-O 10. Qd2 Be6 11. Rc1 Qa5 12. f3 Rfc8 13. Nd5 Qxd2+ 14. Kxd2
Nxd5 15. exd5 Bd7 16. Bd3 Re8 17. Rhe1 f6 18. Be3 f5 19. b3 Kf7 20. h3 a5 21.
g4 Bb2 22. Rb1 Ba3 23. Bd4 Bb4+ 24. Bc3 b6 25. Rg1 Rg8 26. Rbe1 Bc5 27. Rg2
Rae8 28. h4 e5 29. dxe6+ Rxe6 30. Rxe6 Bxe6 31. g5 d5 32. Bf6 dxc4 33. bxc4 h5
34. Re2 Rc8 35. Kc3 Rc6 36. Be5 Bb4+ 37. Kd4 Rc8 38. Rb2 b5 39. Rxb4 axb4 40.
cxb5 Rd8+ 41. Ke3 Bxa2 42. b6 Bd5 43. Bc7 Rd7 44. Bc4 Bxc4 45. b7 Re7+ 46. Kd4
Rd7+ 47. Ke3 Re7+ 1/2-1/2

[Event "Memorijal Danilo - Dajo Batricevic"]
[Site "Cetinje"]
[Date "2009.08.14"]
[Round "6.5"]
[White "Drasko, Milan"]
[Black "Paulet, Iozefina"]
[Result "1-0"]
[WhiteElo "2527"]
[BlackElo "2327"]
[PlyCount "71"]
[EventDate "2009.08.09"]
[EventRounds "9"]

1. Nf3 Nf6 2. g3 b6 3. Bg2 Bb7 4. O-O e6 5. c4 c5 6. Nc3 Be7 7. d4 cxd4 8. Qxd4
d6 9. Bg5 h6 10. Bxf6 Bxf6 11. Qf4 g5 12. Qd2 a6 13. Rfd1 Be7 14. Ne1 Bxg2 15.
Nxg2 Ra7 16. f4 Nc6 17. Rac1 Rd7 18. Qe3 gxf4 19. gxf4 Rg8 20. Qf3 Na5 21. b3
Qc7 22. Ne4 f5 23. Ng3 Kf7 24. e4 Qc5+ 25. Kh1 fxe4 26. Qxe4 Bf8 27. f5 e5 28.
b4 Qxb4 29. Qd5+ Kg7 30. Nh5+ Kh8 31. Nf6 Rdg7 32. Nxg8 Rxg8 33. Nh4 Qa3 34.
Rg1 Rg5 35. Qf7 d5 36. Rxg5 1-0

[Event "Memorijal Danilo - Dajo Batricevic"]
[Site "Cetinje"]
[Date "2009.08.14"]
[Round "6.6"]
[White "Dumpor, Atif"]
[Black "Djukic, Nikola"]
[Result "1/2-1/2"]
[WhiteElo "2404"]
[BlackElo "2491"]
[PlyCount "184"]
[EventDate "2009.08.09"]
[EventRounds "9"]

1. c4 Nf6 2. Nc3 e6 3. g3 d5 4. Nf3 d4 5. Nb5 Nc6 6. d3 a6 7. Na3 h6 8. Bg2 Be7
9. O-O O-O 10. Nc2 Re8 11. b4 Nxb4 12. Nfxd4 e5 13. Nb3 e4 14. d4 Nxc2 15. Qxc2
Bf5 16. e3 Qc8 17. Rb1 Bh3 18. Nd2 Bxg2 19. Kxg2 Bf8 20. Qb3 Rb8 21. Ba3 c5 22.
h3 h5 23. dxc5 Rd8 24. Qc2 h4 25. Bb2 Nh7 26. Nxe4 Qc6 27. f3 hxg3 28. Be5 Rbc8
29. Rb6 Qe8 30. Bd4 Rc6 31. Rxb7 Rh6 32. Rh1 f6 33. Nxg3 Ng5 34. Qf5 Ne6 35.
Qe4 Rg6 36. Kf2 Nxc5 37. Qxe8 Rxe8 38. Bxc5 Bxc5 39. Ne4 Bf8 40. Rb6 Rc8 41.
Rc1 Rh6 42. Kg2 a5 43. c5 Be7 44. Rb7 Kf8 45. Rd1 Rg6+ 46. Kf2 f5 47. Nd6 Bh4+
48. Ke2 Rxc5 49. Rf7+ Kg8 50. Rxf5 Rc2+ 51. Kd3 Rxa2 52. Nc4 a4 53. Rb1 Bf6 54.
Rb8+ Kh7 55. Rh5+ Rh6 56. Rxh6+ Kxh6 57. Ra8 Kg5 58. Ke4 Kh4 59. f4 Kg3 60. Ra7
Ra1 61. Nd6 Kf2 62. Ne8 a3 63. Nxf6 gxf6 64. h4 Kg3 65. Kf5 Kxh4 66. Kxf6 Kg4
67. Ke5 a2 68. Ke4 Kh4 69. Ra5 Kg4 70. Rg5+ Kh3 71. Ra5 Kg4 72. Ra7 Kh4 73. Ra8
Kg4 74. f5 Rb1 75. Rxa2 Rb4+ 76. Ke5 Rb5+ 77. Ke6 Rb6+ 78. Kd5 Rb5+ 79. Kc4
Rxf5 80. Kd4 Rf1 81. Ke4 Kg5 82. Ra6 Rb1 83. Rd6 Rb3 84. Kd4 Rb4+ 85. Ke5 Rb5+
86. Rd5 Rb4 87. e4 Kg6 88. Rd7 Ra4 89. Kd5 Ra1 90. e5 Kf5 91. Rf7+ Kg6 92. Rf2
Ra5+ 1/2-1/2

[Event "Memorijal Danilo - Dajo Batricevic"]
[Site "Cetinje"]
[Date "2009.08.14"]
[Round "6.7"]
[White "Kosic, Dragan"]
[Black "Draganic, Veljko"]
[Result "1-0"]
[WhiteElo "2488"]
[BlackElo "2278"]
[PlyCount "48"]
[EventDate "2009.08.09"]
[EventRounds "9"]

1. Nf3 Nf6 2. g3 g6 3. b3 Bg7 4. Bb2 O-O 5. Bg2 c5 6. c4 Nc6 7. O-O d6 8. d4
cxd4 9. Nxd4 d5 10. cxd5 Nxd5 11. Nxc6 bxc6 12. Bxg7 Kxg7 13. Qd4+ Kg8 14. Nc3
Ba6 15. Rfd1 Nxc3 16. Qxc3 Qb6 17. Qxc6 Qxc6 18. Bxc6 Rac8 19. Bf3 Rc2 20. Rac1
Rxa2 21. Ra1 Rxa1 22. Rxa1 Bc8 23. Rxa7 Be6 24. b4 Kg7 {[...]} 1-0

[Event "Memorijal Danilo - Dajo Batricevic"]
[Site "Cetinje"]
[Date "2009.08.14"]
[Round "6.8"]
[White "Ivanovic, Bozidar"]
[Black "Miron, Lucian-Costin"]
[Result "0-1"]
[WhiteElo "2415"]
[BlackElo "2479"]
[PlyCount "77"]
[EventDate "2009.08.09"]
[EventRounds "9"]

1. e4 e5 2. Nf3 Nc6 3. Bc4 Nf6 4. d3 Be7 5. O-O O-O 6. Re1 d6 7. a4 Na5 8. Nc3
Nxc4 9. dxc4 c6 10. b3 Be6 11. Ba3 Qc7 12. Qe2 Ne8 13. Nd2 a6 14. Bb2 Nf6 15.
Nf1 g6 16. Ne3 Nh5 17. g3 Rae8 18. Rad1 Ng7 19. Ng2 Bh3 20. Rd3 Ne6 21. Bc1 Nd4
22. Qd1 f5 23. f3 fxe4 24. Nxe4 d5 25. Nf2 Bf5 26. Rxd4 exd4 27. Bh6 Bb4 28.
Re2 Rxe2 29. Qxe2 Rf7 30. g4 Bd7 31. cxd5 cxd5 32. Nd3 Bd6 33. h4 Qb8 34. h5
Qe8 35. Qf2 Bxg4 36. Qxd4 Bxf3 37. hxg6 hxg6 38. Bf4 Qe2 39. Nh4 0-1

[Event "Memorijal Danilo - Dajo Batricevic"]
[Site "Cetinje"]
[Date "2009.08.14"]
[Round "6.9"]
[White "Rajkovic, Dusan"]
[Black "Galic, Ivan"]
[Result "0-1"]
[WhiteElo "2477"]
[BlackElo "2349"]
[PlyCount "58"]
[EventDate "2009.08.09"]
[EventRounds "9"]

1. d4 d5 2. c4 c6 3. Nf3 Nf6 4. e3 Bf5 5. Nc3 e6 6. Nh4 Be4 7. Qb3 Qb6 8. c5
Qc7 9. Bd2 Nbd7 10. Qd1 e5 11. Be2 Be7 12. O-O O-O 13. f3 exd4 14. exd4 Bg6 15.
Nxg6 hxg6 16. Bd3 Nh7 17. Ne2 Rfe8 18. Qc2 Nhf8 19. f4 f5 20. g4 fxg4 21. f5
gxf5 22. Bf4 Qd8 23. Bxf5 Bg5 24. Bd6 Be7 25. Bg3 Bh4 26. Bxg4 Bxg3 27. hxg3
Qg5 28. Bh3 Nf6 29. Rf4 Rxe2 0-1

[Event "Memorijal Danilo - Dajo Batricevic"]
[Site "Cetinje"]
[Date "2009.08.14"]
[Round "6.10"]
[White "Stojanovic, Dalibor"]
[Black "Kadric, Denis"]
[Result "0-1"]
[WhiteElo "2471"]
[BlackElo "2156"]
[PlyCount "116"]
[EventDate "2009.08.09"]
[EventRounds "9"]

1. e4 c5 2. Nc3 d6 3. f4 g6 4. Nf3 Bg7 5. Bc4 e6 6. O-O Ne7 7. d3 O-O 8. Bb3
Nbc6 9. Qe1 Na5 10. e5 d5 11. Bd2 Nxb3 12. axb3 Bd7 13. Ne2 f5 14. b4 c4 15.
Be3 b6 16. Ned4 h6 17. Qd2 Qc7 18. Ra6 Qb7 19. Rfa1 Rfc8 20. h3 Bf8 21. g4 Nc6
22. Nxc6 Bxc6 23. Nd4 Bd7 24. c3 Be7 25. dxc4 Rxc4 26. Qe2 Kh7 27. Kh2 Rcc8 28.
gxf5 gxf5 29. Bf2 Rg8 30. Qe1 Rg7 31. Bh4 Bxh4 32. Qxh4 Rag8 33. Qf2 Bc8 34.
Rxa7 Qxa7 35. Rxa7 Rxa7 36. b5 Ra2 37. Qc2 Bd7 38. Nc6 Be8 39. Qb1 Ra4 40. Nd4
Bd7 41. b3 Ra3 42. Qb2 Rga8 43. Kg3 Ra2 44. Qc1 Rg8+ 45. Kf3 Rh2 46. Qa3 Rg7
47. Ke3 Be8 48. Nxf5 exf5 49. e6 Bxb5 50. Qf8 Re2+ 51. Kd4 Rxe6 52. Qxf5+ Reg6
53. h4 Bd7 54. Qxd5 Be6 55. Qe4 Rd7+ 56. Ke3 Rd5 57. c4 Rf5 58. Qb7+ Bf7 {[...]
} 0-1

[Event "Memorijal Danilo - Dajo Batricevic"]
[Site "Cetinje"]
[Date "2009.08.14"]
[Round "6.11"]
[White "Popovic, Mladen"]
[Black "Bogut, Zeljko"]
[Result "0-1"]
[WhiteElo "2190"]
[BlackElo "2451"]
[PlyCount "90"]
[EventDate "2009.08.09"]
[EventRounds "9"]

1. e4 c5 2. Nf3 Nc6 3. d4 cxd4 4. Nxd4 Nf6 5. Nc3 e5 6. Ndb5 d6 7. Nd5 Nxd5 8.
exd5 Nb8 9. c4 Be7 10. Be2 O-O 11. O-O a6 12. Nc3 f5 13. f4 Bf6 14. Kh1 Nd7 15.
Be3 b6 16. Qc2 g6 17. a4 a5 18. Rab1 Nc5 19. b4 axb4 20. Rxb4 Bd7 21. Rfb1 exf4
22. Bxf4 Re8 23. Bf1 Ra6 24. Nb5 Bxb5 25. Rxb5 Bd4 26. Qd2 Qf6 27. Bg5 Qh8 28.
Bd3 Bc3 29. Qc2 Qd4 30. Rxc5 bxc5 31. h3 Raa8 32. Rf1 Rab8 33. Bc1 Re1 34. Rxe1
Bxe1 35. Qe2 Qe5 36. Qf1 Re8 37. Bf4 Qf6 38. Qf3 Bc3 39. Qg3 Re1+ 40. Kh2 Qd4
41. Qf3 Qg1+ 42. Kg3 Be5 43. Be2 Bxf4+ 44. Kxf4 Qd4+ 45. Kg3 f4+ 0-1

[Event "Memorijal Danilo - Dajo Batricevic"]
[Site "Cetinje"]
[Date "2009.08.14"]
[Round "6.12"]
[White "Mijovic, Stefan"]
[Black "Kontic, Djordjije"]
[Result "1/2-1/2"]
[WhiteElo "2325"]
[BlackElo "2364"]
[PlyCount "67"]
[EventDate "2009.08.09"]
[EventRounds "9"]

1. e4 c5 2. Nf3 e6 3. d4 cxd4 4. Nxd4 Nc6 5. Nc3 a6 6. Be2 Qc7 7. Be3 Nf6 8.
O-O Bb4 9. Na4 Be7 10. Nxc6 dxc6 11. Bb6 Qb8 12. Qd4 e5 13. Qe3 O-O 14. Rad1
Be6 15. Nc5 Qc8 16. b3 Bg4 17. h3 Bxe2 18. Qxe2 h6 19. Rd3 Bxc5 20. Bxc5 Rd8
21. Rfd1 Rxd3 22. Qxd3 Qc7 23. Bd6 Qa5 24. b4 Qxa2 25. Bxe5 Qe6 26. Bxf6 Qxf6
27. Qd7 b5 28. e5 Qxe5 29. Qxc6 Ra7 30. Qb6 Rc7 31. Qxa6 Rxc2 32. Qa8+ Kh7 33.
Qd5 Re2 34. Qxe5 1/2-1/2